Amikor a férfiak hadba mentek... ; Kapor [versek] /

Elmentve itt :
Bibliográfiai részletek
Szerző: Bécs Ernő
Dokumentumtípus: Cikk
Megjelent: 1968
Sorozat:Tiszatáj 22 No. 3
Kulcsszavak:Magyar irodalom - vers
Online Access:http://tiszataj.bibl.u-szeged.hu/5131
LEADER 00586nab a2200181 i 4500
001 tisza5131
005 20200330131021.0
008 170424s1968 hu o 0|| hun d
022 |a 0133-1167 
040 |a SZTE Tiszatáj Archívum  |b hun 
041 |a hun 
100 1 |a Bécs Ernő 
245 1 0 |a Amikor a férfiak hadba mentek... ; Kapor   |h [elektronikus dokumentum] :  |b [versek] /  |c  Bécs Ernő 
260 |c 1968 
300 |a 202 
490 0 |a Tiszatáj  |v 22 No. 3 
695 |a Magyar irodalom - vers 
856 4 0 |u http://tiszataj.bibl.u-szeged.hu/5131/1/tiszataj_1968_003_0202b.pdf  |z Dokumentum-elérés